000 00332nam a2200121Ia 4500
008 240731s9999 xx 000 0 und d
022 _a1469-9958
245 0 _aOpen Learning: The Journal of Open, Distance and e-Learning
260 _bRoutledge
856 _uhttps://www.tandfonline.com/loi/copl20
942 _2ddc
942 _cTFEJ
999 _c78805
_d78805
945 _a1
_bMadushi Gamage
_c1
_dMadushi Gamage